[Event "Prague Golden op 19th"]
[Site "Prague"]
[Date "2024.06.28"]
[Round "7"]
[White "Kuhn, Ulf"]
[Black "Benes, Petr"]
[Result "1-0"]
[WhiteElo "2064"]
[BlackElo "2070"]
[PlyCount "85"]
[EventDate "2024.06.22"]
[EventType "swiss"]
[EventRounds "7"]
[EventCountry "CZE"]
[SourceTitle "EXT 2025"]
[Source "ChessBase"]
[SourceDate "2024.10.14"]
[SourceVersion "1"]
[SourceVersionDate "2024.10.14"]
[SourceQuality "1"]

1. c4 g6 2. g3 Bg7 3. Bg2 c5 4. Nc3 Nc6 5. e4 d6 6. Nge2 h5 7. h3 Bd7 8. d3 a6 9. a3 Rb8 10. Rb1 b5 11. cxb5 axb5 12. b4 Nd4 13. Nxd4 cxd4 14. Ne2 e5 15. f4 Ne7 16. 0-0 h4 17. g4 f5 18. exf5 gxf5 19. g5 Qb6 20. Kh2 Kf7 21. Bd2 Kg6 22. Ng1 Rbe8 23. Qb3 Nc6 24. Bd5 Nd8 25. Rbe1 Ne6 26. Nf3 Qb8 27. Qa2 Re7 28. Bc1 Ree8 29. Qf2 Nc7 30. Bb3 Be6 31. Bxe6 Nxe6 32. Nxh4+ Rxh4 33. Qxh4 exf4 34. Rxe6+ Rxe6 35. Bxf4 Qe8 36. Rf2 Qc6 37. Qg3 Re1 38. Rg2 Re6 39. h4 Kh5 40. g6 Bf6 41. g7 Bxh4 42. g8Q Bxg3+ 43. Qxg3 1-0

[Event "Prague Golden op 19th"]
[Site "Prague"]
[Date "2024.06.23"]
[Round "2"]
[White "Svoboda, Daniel"]
[Black "Benes, Petr"]
[Result "1-0"]
[WhiteElo "1922"]
[BlackElo "2070"]
[PlyCount "63"]
[EventDate "2024.06.22"]
[EventType "swiss"]
[EventRounds "7"]
[EventCountry "CZE"]
[SourceTitle "EXT 2025"]
[Source "ChessBase"]
[SourceDate "2024.10.14"]
[SourceVersion "1"]
[SourceVersionDate "2024.10.14"]
[SourceQuality "1"]

1. e4 d5 2. exd5 Nf6 3. d4 Bg4 4. f3 Bf5 5. g4 Bc8 6. c4 g6 7. Nc3 Bg7 8. Be3 0-0 9. Qd2 Re8 10. 0-0-0 a6 11. h4 h5 12. gxh5 Nxh5 13. Nge2 b5 14. Nf4 Ng3 15. Rg1 Nxf1 16. Rdxf1 Bf5 17. h5 Nd7 18. hxg6 fxg6 19. Nxg6 Kf7 20. Nh4 Bh7 21. Qg2 Rg8 22. Qh3 Nf8 23. Ne4 Bf6 24. Nf5 Rxg1 25. Rxg1 Ke8 26. Nxf6+ exf6 27. Rg7 Bxf5 28. Qxf5 Qd6 29. Bf4 Qb4 30. Qh5+ Kd8 31. Bxc7+ Kc8 32. Qe8+ 1-0

[Event "Prague Golden op 19th"]
[Site "Prague"]
[Date "2024.06.22"]
[Round "1"]
[White "Benes, Petr"]
[Black "Vavrinec, Tomas"]
[Result "1/2-1/2"]
[WhiteElo "2070"]
[BlackElo "1922"]
[PlyCount "86"]
[EventDate "2024.06.22"]
[EventType "swiss"]
[EventRounds "7"]
[EventCountry "CZE"]
[SourceTitle "EXT 2025"]
[Source "ChessBase"]
[SourceDate "2024.10.14"]
[SourceVersion "1"]
[SourceVersionDate "2024.10.14"]
[SourceQuality "1"]

1. c4 c5 2. Nc3 Nc6 3. g3 g6 4. Bg2 Bg7 5. e3 e6 6. Nge2 Nge7 7. Nf4 0-0 8. h4 h6 9. d3 a6 10. Bd2 Rb8 11. Rc1 b5 12. b3 d6 13. 0-0 b4 14. Na4 e5 15. Nd5 Nxd5 16. Bxd5 Ne7 17. Bg2 Nf5 18. Rc2 Be6 19. Bc1 h5 20. Bb2 Qe7 21. Re1 Qc7 22. Be4 Qa7 23. Rd2 Rbe8 24. Qf3 Ne7 25. Qd1 Nf5 26. Qa1 Bh6 27. Rdd1 Bg7 28. Kg2 Rb8 29. d4 exd4 30. Bxf5 Bxf5 31. exd4 Rfe8 32. dxc5 Bxb2 33. Qxb2 dxc5 34. Re5 Rxe5 35. Qxe5 Qa8+ 36. f3 Re8 37. Qd5 Re2+ 38. Kh1 Qe8 39. Qd8 Re1+ 40. Kg2 Re2+ 41. Kg1 Re1+ 42. Kf2 Re2+ 43. Kg1 Re1+ 1/2-1/2

[Event "Usti nad Labem Chlumecky Blitz op"]
[Site "Usti nad Labem"]
[Date "2024.05.05"]
[Round "9"]
[White "Benes, Petr"]
[Black "Kalyncukova, Katerina"]
[Result "0-1"]
[WhiteElo "2020"]
[BlackElo "1625"]
[PlyCount "77"]
[EventDate "2024.05.05"]
[EventType "swiss (blitz)"]
[EventRounds "15"]
[EventCountry "CZE"]
[SourceTitle "CBM 220 Extra"]
[Source "ChessBase"]
[SourceDate "2024.07.31"]
[SourceVersion "1"]
[SourceVersionDate "2024.07.31"]
[SourceQuality "1"]

1. c4 e5 2. g3 Nf6 3. Bg2 Bd6 4. Nc3 0-0 5. Nf3 Nc6 6. 0-0 Bb4 7. Nd5 Nxd5 8. cxd5 e4 9. dxc6 exf3 10. cxb7 Bxb7 11. exf3 Re8 12. a3 Bc5 13. d4 Bd6 14. Bd2 Qf6 15. Bc3 Qe6 16. Qd3 Qg6 17. Qxg6 hxg6 18. Rfe1 c6 19. f4 Rac8 20. b4 a6 21. Re3 Rxe3 22. fxe3 Re8 23. e4 f6 24. e5 fxe5 25. dxe5 Bc7 26. Rd1 Rd8 27. Bh3 d6 28. exd6 Rxd6 29. Re1 Bb6+ 30. Kh1 c5+ 31. Bg2 Bxg2+ 32. Kxg2 cxb4 33. axb4 Rd3 34. Be5 Rd2+ 35. Kh3 Kh7 36. Rc1 Rd7 37. Rc6 Bd8 38. Rxa6 Rb7 39. Bd6 0-1

[Event "Usti nad Labem Chlumecky Blitz op"]
[Site "Usti nad Labem"]
[Date "2024.05.05"]
[Round "11"]
[White "Benes, Petr"]
[Black "Polak, Martin"]
[Result "1-0"]
[WhiteElo "2020"]
[BlackElo "1809"]
[PlyCount "101"]
[EventDate "2024.05.05"]
[EventType "swiss (blitz)"]
[EventRounds "15"]
[EventCountry "CZE"]
[SourceTitle "CBM 220 Extra"]
[Source "ChessBase"]
[SourceDate "2024.07.31"]
[SourceVersion "1"]
[SourceVersionDate "2024.07.31"]
[SourceQuality "1"]

1. c4 c6 2. Nf3 Nf6 3. b3 d5 4. Bb2 e6 5. g3 g6 6. Bg2 Bg7 7. 0-0 0-0 8. e3 Nbd7 9. Nc3 Nc5 10. d4 Nce4 11. Nxe4 Nxe4 12. Qc2 b6 13. Rac1 Bb7 14. Rfd1 Rc8 15. b4 Qe7 16. Qb3 Rc7 17. c5 bxc5 18. bxc5 Rb8 19. Rb1 Qd8 20. Ba3 Rcc8 21. Bb4 Ba6 22. Qa3 Be2 23. Re1 Bc4 24. Nd2 Nxd2 25. Bxd2 a6 26. Ba5 Qd7 27. Rb6 Bb5 28. Qc3 Rxb6 29. Bxb6 Rb8 30. Qb4 Rb7 31. a4 Bc4 32. Qa5 Bf6 33. Bf1 Rb8 34. Bxc4 dxc4 35. Qxa6 Qd5 36. Qa7 Rf8 37. Qa5 e5 38. Qd2 exd4 39. exd4 Rb8 40. a5 Qf5 41. Qc3 Qd3 42. Qxd3 cxd3 43. Rd1 Bxd4 44. Rxd3 Be5 45. a6 Ra8 46. a7 Bf6 47. Rd7 Kf8 48. Rc7 Ke8 49. Rxc6 Be5 50. f4 Bd4+ 51. Kg2 1-0

[Event "Usti nad Labem Chlumecky Blitz op"]
[Site "Usti nad Labem"]
[Date "2024.05.05"]
[Round "2"]
[White "Lancaric, Tomas"]
[Black "Benes, Petr"]
[Result "0-1"]
[WhiteElo "1893"]
[BlackElo "2020"]
[PlyCount "101"]
[EventDate "2024.05.05"]
[EventType "swiss (blitz)"]
[EventRounds "15"]
[EventCountry "CZE"]
[SourceTitle "CBM 220 Extra"]
[Source "ChessBase"]
[SourceDate "2024.07.31"]
[SourceVersion "1"]
[SourceVersionDate "2024.07.31"]
[SourceQuality "1"]

1. d4 Nf6 2. Bf4 d6 3. Nc3 g6 4. e4 Bg7 5. Qd2 c6 6. 0-0-0 Qa5 7. f3 Nbd7 8. Bc4 b5 9. Bb3 b4 10. Nb1 Qb6 11. e5 dxe5 12. dxe5 Nh5 13. Be3 Nc5 14. f4 a5 15. Bxc5 Qc7 16. g4 Bxg4 17. Re1 0-0 18. Ba4 Rfd8 19. Qf2 Bh6 20. Be3 Ng7 21. h3 Bf5 22. Nf3 Ne6 23. Nd4 Nxd4 24. Bxd4 c5 25. Bxc5 Rdc8 26. Be3 Ra6 27. Rd1 Rc6 28. Rd2 Rc4 29. Bb3 Qc6 30. Rhd1 Re4 31. Rd8+ Kg7 32. Rxc8 Qxc8 33. Rd2 Qc6 34. Bd5 Qa4 35. Bxe4 Bxe4 36. b3 Qb5 37. f5 Bxe3 38. f6+ exf6 39. Qxf6+ Kh6 40. Qh4+ Kg7 41. Qxe4 Qf1+ 42. Kb2 Bxd2 43. Nxd2 Qxh3 44. Qd3 Qe6 45. Ne4 Qxe5+ 46. Kb1 h5 47. Nd2 h4 48. Nf3 Qg3 49. Qd4+ Kh6 50. Nxh4 Kh5 51. Qh8+ 0-1

[Event "Usti nad Labem Chlumecky Blitz op"]
[Site "Usti nad Labem"]
[Date "2024.05.05"]
[Round "6"]
[White "Peroutka, Simon"]
[Black "Benes, Petr"]
[Result "1-0"]
[WhiteElo "1895"]
[BlackElo "2020"]
[PlyCount "78"]
[EventDate "2024.05.05"]
[EventType "swiss (blitz)"]
[EventRounds "15"]
[EventCountry "CZE"]
[SourceTitle "CBM 220 Extra"]
[Source "ChessBase"]
[SourceDate "2024.07.31"]
[SourceVersion "1"]
[SourceVersionDate "2024.07.31"]
[SourceQuality "1"]

1. e4 d5 2. exd5 Nf6 3. c4 c6 4. Nc3 cxd5 5. d4 Nc6 6. Nf3 Be6 7. c5 g6 8. Bf4 Bg7 9. Bb5 0-0 10. 0-0 Bg4 11. Bxc6 bxc6 12. Qd3 Bf5 13. Qa6 Qc8 14. Qe2 Nh5 15. Be3 Rb8 16. a3 Qb7 17. b4 Rfe8 18. h3 Nf6 19. Qd2 Ne4 20. Nxe4 Bxe4 21. Ne5 f6 22. Nd3 e5 23. f3 Bf5 24. g4 Be6 25. Rfe1 Qc7 26. Kg2 Rf8 27. Rab1 Qb7 28. a4 Qa6 29. b5 Qc8 30. b6 axb6 31. cxb6 Qa6 32. a5 e4 33. Nc5 Qc8 34. b7 Qe8 35. a6 exf3+ 36. Kxf3 f5 37. Nxe6 fxg4+ 38. Kg3 Qxe6 39. Bf4 Qf5 1-0

[Event "Usti nad Labem Chlumecky Blitz op"]
[Site "Usti nad Labem"]
[Date "2024.05.05"]
[Round "13"]
[White "Werner, Quan Hong"]
[Black "Benes, Petr"]
[Result "1-0"]
[WhiteElo "2041"]
[BlackElo "2020"]
[PlyCount "63"]
[EventDate "2024.05.05"]
[EventType "swiss (blitz)"]
[EventRounds "15"]
[EventCountry "CZE"]
[SourceTitle "CBM 220 Extra"]
[Source "ChessBase"]
[SourceDate "2024.07.31"]
[SourceVersion "1"]
[SourceVersionDate "2024.07.31"]
[SourceQuality "1"]

1. e4 Nc6 2. d4 e5 3. d5 Nce7 4. Nf3 Ng6 5. Bd3 Nf6 6. c4 Bc5 7. Nc3 0-0 8. 0-0 d6 9. a3 a6 10. b4 Ba7 11. Ne2 Bg4 12. Ng3 Nh5 13. Kh1 Nhf4 14. h3 Bd7 15. Ne2 Qc8 16. Nxf4 exf4 17. Kh2 f5 18. Bb2 fxe4 19. Bxe4 Bf5 20. Qc2 Bxe4 21. Qxe4 Re8 22. Qc2 Qd7 23. Ng5 c6 24. Rad1 cxd5 25. Rxd5 Qe7 26. Nf3 Qe2 27. Qc3 Re7 28. Re1 Qxf2 29. Rxe7 Qg3+ 30. Kh1 Nxe7 31. Rg5 Nf5 32. Rxf5 1-0

[Event "Usti nad Labem Chlumecky Rapid op"]
[Site "Usti nad Labem"]
[Date "2024.05.04"]
[Round "3"]
[White "Benes, Petr"]
[Black "Belaska, Vaclav"]
[Result "1-0"]
[WhiteElo "2084"]
[BlackElo "1763"]
[PlyCount "103"]
[EventDate "2024.05.04"]
[EventType "swiss (rapid)"]
[EventRounds "9"]
[EventCountry "CZE"]
[SourceTitle "CBM 220 Extra"]
[Source "ChessBase"]
[SourceDate "2024.07.31"]
[SourceVersion "1"]
[SourceVersionDate "2024.07.31"]
[SourceQuality "1"]

1. c4 e5 2. g3 Nf6 3. Bg2 c6 4. d4 Bb4+ 5. Nc3 exd4 6. Qxd4 0-0 7. Bg5 Be7 8. Nh3 h6 9. Bf4 Qa5 10. Bd6 Bxd6 11. Qxd6 Na6 12. Nf4 Qc5 13. Qxc5 Nxc5 14. 0-0-0 Ne6 15. Nd3 Rd8 16. Rd2 b6 17. Rhd1 Bb7 18. b4 Rab8 19. Ne5 d5 20. Nxc6 Bxc6 21. cxd5 Bb7 22. e4 Rbc8 23. Kb2 Nf8 24. f3 Rc4 25. a3 a5 26. Bf1 Rcc8 27. Nb5 Ba6 28. Nd4 Bxf1 29. Rxf1 N8d7 30. Nc6 Re8 31. Rc1 Kh7 32. Rdc2 axb4 33. axb4 Ne5 34. Rc3 Nfd7 35. f4 Nxc6 36. dxc6 Nb8 37. e5 b5 38. Kb3 Re6 39. c7 Nd7 40. Rd1 Nb6 41. Rd8 Re8 42. Rc6 Rexd8 43. cxd8Q Rxd8 44. Rxb6 Rd2 45. Rxb5 Rxh2 46. Rc5 Rh3 47. Rc3 g5 48. fxg5 hxg5 49. b5 Rh6 50. Kb4 Re6 51. Rc5 Kg6 52. Rc6 1-0

[Event "Prague Golden Blitz op"]
[Site "Prague"]
[Date "2023.06.18"]
[Round "11"]
[White "Benes, Petr"]
[Black "Plicka, Petr"]
[Result "1-0"]
[WhiteElo "2045"]
[BlackElo "1635"]
[PlyCount "42"]
[EventDate "2023.06.18"]
[EventType "swiss (blitz)"]
[EventRounds "11"]
[EventCountry "CZE"]
[SourceTitle "CBM 215 Extra"]
[Source "ChessBase"]
[SourceDate "2023.09.30"]
[SourceVersion "1"]
[SourceVersionDate "2023.09.30"]
[SourceQuality "1"]

1. g3 Nf6 2. Bg2 g6 3. c4 d6 4. Nc3 Bg7 5. d4 0-0 6. Nf3 c6 7. 0-0 Be6 8. b3 Qc8 9. Ng5 Bd7 10. Bf4 h6 11. Nf3 Bh3 12. Qd2 Bxg2 13. Kxg2 Kh7 14. h4 Nbd7 15. Rh1 Nh5 16. Be3 e5 17. Rad1 Rd8 18. Ne4 Qc7 19. c5 Ndf6 20. Nxd6 Rf8 21. Nxe5 Ng4 1-0

[Event "Prague Golden Blitz op"]
[Site "Prague"]
[Date "2023.06.18"]
[Round "9"]
[White "Benes, Petr"]
[Black "Ulam Orgikh, Amartuvshin"]
[Result "1-0"]
[WhiteElo "2045"]
[BlackElo "1561"]
[PlyCount "65"]
[EventDate "2023.06.18"]
[EventType "swiss (blitz)"]
[EventRounds "11"]
[EventCountry "CZE"]
[SourceTitle "CBM 215 Extra"]
[Source "ChessBase"]
[SourceDate "2023.09.30"]
[SourceVersion "1"]
[SourceVersionDate "2023.09.30"]
[SourceQuality "1"]

1. c4 e5 2. g3 Bc5 3. Bg2 d6 4. Nc3 c6 5. Nf3 Ne7 6. 0-0 Ng6 7. a3 h5 8. b4 Bb6 9. d4 exd4 10. Nxd4 h4 11. Na4 Bc7 12. Bb2 hxg3 13. hxg3 Qg5 14. Qc1 Qh5 15. Qe3+ Ne7 16. Nf3 Bg4 17. Rfd1 Bh3 18. Qg5 Qxg5 19. Nxg5 Bxg2 20. Kxg2 f6 21. Ne6 Kd7 22. Nac5+ Ke8 23. Nxc7+ Kf7 24. Nxa8 dxc5 25. Nc7 cxb4 26. axb4 Na6 27. Nxa6 bxa6 28. Rd7 Ke6 29. Rxa7 Nf5 30. R1xa6 Rc8 31. b5 Kd6 32. Ba3+ Ke5 33. b6 1-0

[Event "Prague Golden Blitz op"]
[Site "Prague"]
[Date "2023.06.18"]
[Round "1"]
[White "Benes, Petr"]
[Black "Zakoucky, Otto"]
[Result "1-0"]
[WhiteElo "2045"]
[BlackElo "1475"]
[PlyCount "39"]
[EventDate "2023.06.18"]
[EventType "swiss (blitz)"]
[EventRounds "11"]
[EventCountry "CZE"]
[SourceTitle "CBM 215 Extra"]
[Source "ChessBase"]
[SourceDate "2023.09.30"]
[SourceVersion "1"]
[SourceVersionDate "2023.09.30"]
[SourceQuality "1"]

1. c4 d6 2. g3 Nf6 3. Bg2 Bf5 4. Bxb7 Nbd7 5. Bxa8 Qxa8 6. f3 e5 7. Nc3 Be7 8. d3 0-0 9. e4 Bg6 10. Be3 Qb7 11. Rb1 Rb8 12. Nh3 h6 13. Nf2 Nh7 14. 0-0 Ng5 15. Qe2 Qc8 16. f4 Ne6 17. f5 Nd4 18. Bxd4 exd4 19. Nd5 Bh7 20. Nxe7+ 1-0

[Event "Prague Golden Blitz op"]
[Site "Prague"]
[Date "2023.06.18"]
[Round "2"]
[White "Legkostup, Maxim"]
[Black "Benes, Petr"]
[Result "1/2-1/2"]
[WhiteElo "1716"]
[BlackElo "2045"]
[PlyCount "97"]
[EventDate "2023.06.18"]
[EventType "swiss (blitz)"]
[EventRounds "11"]
[EventCountry "CZE"]
[SourceTitle "CBM 215 Extra"]
[Source "ChessBase"]
[SourceDate "2023.09.30"]
[SourceVersion "1"]
[SourceVersionDate "2023.09.30"]
[SourceQuality "1"]

1. Nf3 g6 2. e4 Bg7 3. d4 d6 4. Bd3 Bg4 5. c3 Nc6 6. h3 Bxf3 7. Qxf3 e5 8. d5 Nb8 9. g4 Nd7 10. Be3 Ngf6 11. Bg5 h6 12. Bxf6 Bxf6 13. Bb5 Bg5 14. h4 Bf4 15. Nd2 a6 16. Bxd7+ Qxd7 17. a4 h5 18. g5 Qg4 19. Ke2 Bxd2 20. Qxg4 hxg4 21. Kxd2 Ke7 22. Rag1 Rh5 23. Rxg4 Rah8 24. Ke3 b6 25. f4 exf4+ 26. Rxf4 Rxg5 27. Kf3 Re5 28. Kg3 f6 29. Rhf1 Rf8 30. c4 a5 31. b4 axb4 32. Rb1 g5 33. Rg4 gxh4+ 34. Kxh4 Rh8+ 35. Kg3 Reh5 36. Rxb4 Rh3+ 37. Kf4 Rc3 38. Rg7+ Kd8 39. Kf5 Re8 40. a5 Rf3+ 41. Kg4 Re3 42. Kf5 Rf3+ 43. Kg6 Rg3+ 44. Kf7 Rxg7+ 45. Kxg7 bxa5 46. Ra4 Rxe4 47. Rxa5 Rf4 48. Kf7 Kd7 49. Ra1 1/2-1/2

[Event "Prague Golden Blitz op"]
[Site "Prague"]
[Date "2023.06.18"]
[Round "8"]
[White "Melich, Jindrich"]
[Black "Benes, Petr"]
[Result "1-0"]
[WhiteElo "1941"]
[BlackElo "2045"]
[PlyCount "69"]
[EventDate "2023.06.18"]
[EventType "swiss (blitz)"]
[EventRounds "11"]
[EventCountry "CZE"]
[SourceTitle "CBM 215 Extra"]
[Source "ChessBase"]
[SourceDate "2023.09.30"]
[SourceVersion "1"]
[SourceVersionDate "2023.09.30"]
[SourceQuality "1"]

1. b4 c6 2. c4 d5 3. e3 e5 4. Bb2 d4 5. a3 f6 6. Nf3 Bf5 7. exd4 e4 8. Ng1 Bd6 9. d3 Qe7 10. dxe4 Bxe4 11. Qe2 Nd7 12. Nd2 Bg6 13. Qxe7+ Nxe7 14. Ngf3 0-0-0 15. Be2 Rhe8 16. 0-0 h5 17. Rfe1 Bf7 18. Bd3 g5 19. Ne4 Bc7 20. Rad1 h4 21. h3 Bh5 22. Ned2 Ng6 23. Rxe8 Rxe8 24. Re1 Rg8 25. Bf5 Kd8 26. Nh2 Nf4 27. Ng4 Bxg4 28. hxg4 h3 29. g3 Ng6 30. Ne4 Rh8 31. Bxg6 h2+ 32. Kg2 Nb6 33. Nd2 Na4 34. Ba1 b5 35. c5 1-0

[Event "Prague Golden Blitz op"]
[Site "Prague"]
[Date "2023.06.18"]
[Round "4"]
[White "Novotny, David"]
[Black "Benes, Petr"]
[Result "0-1"]
[WhiteElo "1938"]
[BlackElo "2045"]
[PlyCount "60"]
[EventDate "2023.06.18"]
[EventType "swiss (blitz)"]
[EventRounds "11"]
[EventCountry "CZE"]
[SourceTitle "CBM 215 Extra"]
[Source "ChessBase"]
[SourceDate "2023.09.30"]
[SourceVersion "1"]
[SourceVersionDate "2023.09.30"]
[SourceQuality "1"]

1. e4 Nc6 2. Nf3 d6 3. d4 Nf6 4. Bd3 Bg4 5. c3 e5 6. d5 Nb8 7. 0-0 Nbd7 8. Re1 Be7 9. h3 Bh5 10. Bb5 0-0 11. Bxd7 Nxd7 12. Be3 f5 13. exf5 e4 14. g4 exf3 15. gxh5 Ne5 16. Nd2 Rxf5 17. Bd4 Qf8 18. Qb3 Qf7 19. Bxe5 dxe5 20. d6 Bxd6 21. Re3 Qxb3 22. axb3 Raf8 23. Rxa7 Bc5 24. Rxb7 Bxe3 25. fxe3 f2+ 26. Kf1 Rg5 27. Rxc7 Rg1+ 28. Ke2 Re1+ 29. Kd3 Rd8+ 30. Kc2 Rxd2+ 0-1

[Event "CZE-chT2B 2223"]
[Site "Czech Republic"]
[Date "2023.03.26"]
[Round "11.3"]
[White "Krejcik, Jiri"]
[Black "Benes, Petr"]
[Result "1/2-1/2"]
[WhiteElo "2050"]
[BlackElo "2095"]
[PlyCount "116"]
[EventDate "2022.10.16"]
[EventType "team-tourn"]
[EventRounds "11"]
[EventCountry "CZE"]
[SourceTitle "EXT 2024"]
[Source "ChessBase"]
[SourceDate "2023.10.10"]
[SourceVersion "1"]
[SourceVersionDate "2023.10.10"]
[SourceQuality "1"]
[WhiteTeam "Karlovy Vary"]
[BlackTeam "Litomerice II"]
[WhiteTeamCountry "CZE"]
[BlackTeamCountry "CZE"]

1. e4 Nc6 2. d4 e5 3. Nf3 exd4 4. Bc4 Bc5 5. 0-0 d6 6. b4 Bb6 7. e5 d5 8. Bb5 Nge7 9. Nxd4 0-0 10. Nxc6 Nxc6 11. Bxc6 bxc6 12. a4 a6 13. Ra3 Re8 14. a5 Ba7 15. Be3 d4 16. Bf4 Qh4 17. Qd2 Bf5 18. Re1 c5 19. Rg3 Re6 20. Rg5 Bg6 21. Bg3 Qh6 22. Bf4 f6 23. exf6 Rxf6 24. Rf5 Qh4 25. Bg5 Qg4 26. Rxf6 gxf6 27. Bxf6 Rf8 28. h3 Qf5 29. Be7 Re8 30. Bxc5 Bxc5 31. Rxe8+ Bxe8 32. bxc5 Qxc5 33. c3 Qb5 34. Qe1 Bg6 35. Na3 Qxa5 36. Qe6+ Kg7 37. Qe7+ Kg8 38. cxd4 Qc3 39. Qe6+ Kg7 40. Qe7+ Kg8 41. Qe3 Qc6 42. f3 Qd5 43. Kf2 a5 44. g4 a4 45. h4 Qa2+ 46. Kg3 Qb3 47. Qe7 Bf7 48. h5 h6 49. Kf4 Qc3 50. Qe3 Qc6 51. Kg3 Qd6+ 52. Kh3 Qd5 53. Kh4 Qb3 54. Qxh6 Qxa3 55. Qg5+ Kh7 56. Qf5+ Kg8 57. Qg5+ Kh7 58. Qf5+ Kg8 1/2-1/2

[Event "CZE-chT2B 2223"]
[Site "Czech Republic"]
[Date "2023.01.08"]
[Round "6.1"]
[White "Benes, Petr"]
[Black "Zvara, Petr"]
[Result "0-1"]
[WhiteElo "2095"]
[BlackElo "2357"]
[PlyCount "88"]
[EventDate "2022.10.16"]
[EventType "team-tourn"]
[EventRounds "11"]
[EventCountry "CZE"]
[SourceTitle "EXT 2024"]
[Source "ChessBase"]
[SourceDate "2023.10.10"]
[SourceVersion "1"]
[SourceVersionDate "2023.10.10"]
[SourceQuality "1"]
[WhiteTeam "Litomerice II"]
[BlackTeam "Bohemians"]
[WhiteTeamCountry "CZE"]
[BlackTeamCountry "CZE"]

1. Nf3 g6 2. e4 Bg7 3. d4 d6 4. h3 a6 5. a4 Nd7 6. Bc4 e6 7. 0-0 Ne7 8. Nc3 h6 9. Bf4 g5 10. Bh2 Ng6 11. Qd2 b6 12. Rfe1 Bb7 13. Qe3 g4 14. hxg4 Nf6 15. Rad1 Nxg4 16. Qe2 Nxh2 17. Nxh2 h5 18. Qf3 Qg5 19. Qg3 Qxg3 20. fxg3 Ke7 21. Nf3 c5 22. dxc5 bxc5 23. Kf2 Ne5 24. Nxe5 Bxe5 25. Rd3 h4 26. gxh4 Rxh4 27. Rh3 Rf4+ 28. Rf3 Rg4 29. Rh1 Rag8 30. Bf1 Bd4+ 31. Ke1 Bxc3+ 32. Rxc3 Rxe4+ 33. Kd2 Rxa4 34. Rb3 Rd4+ 35. Kc1 Rb4 36. Ra3 Bxg2 37. Rg1 Rbg4 38. Be2 R4g7 39. Rxa6 Be4 40. Ra7+ Kf6 41. Rf1+ Bf5 42. Bh5 Rg1 43. Rxf7+ Ke5 44. Rd1 R8g2 0-1

[Event "CZE-chT2B 2223"]
[Site "Czech Republic"]
[Date "2022.12.04"]
[Round "4.3"]
[White "Benes, Petr"]
[Black "Anaskin, Arsenij"]
[Result "1-0"]
[WhiteElo "2095"]
[BlackElo "2230"]
[PlyCount "107"]
[EventDate "2022.10.16"]
[EventType "team-tourn"]
[EventRounds "11"]
[EventCountry "CZE"]
[SourceTitle "EXT 2024"]
[Source "ChessBase"]
[SourceDate "2023.10.10"]
[SourceVersion "1"]
[SourceVersionDate "2023.10.10"]
[SourceQuality "1"]
[WhiteTeam "Litomerice II"]
[BlackTeam "Aurora"]
[WhiteTeamCountry "CZE"]
[BlackTeamCountry "CZE"]

1. Nf3 d6 2. d4 Nf6 3. g3 Nbd7 4. Bg2 e5 5. c4 Be7 6. Nc3 0-0 7. 0-0 c6 8. Qc2 Re8 9. Rd1 Qc7 10. h3 a5 11. b3 Nf8 12. Be3 Ng6 13. Rac1 h6 14. d5 Bd7 15. Kh2 c5 16. Bd2 Nh7 17. e4 Rf8 18. Be3 f5 19. exf5 Bxf5 20. Ne4 h5 21. Nfd2 Rf7 22. Rf1 Raf8 23. Qd1 h4 24. Qh5 Nh8 25. Qe2 Ng6 26. Nb1 Qd8 27. Nbc3 Ng5 28. Nxg5 Bxg5 29. Ne4 hxg3+ 30. fxg3 Bxe4 31. Rxf7 Rxf7 32. Bxe4 Qf6 33. Bxg5 Qxg5 34. Rf1 Nf8 35. h4 Qh6 36. Rxf7 Kxf7 37. Kh3 Nd7 38. Qg4 Ke7 39. Bg6 Nf8 40. Bf5 g6 41. Be4 Qc1 42. h5 Qf1+ 43. Bg2 Qf5 44. hxg6 Qxg6 45. Qh4+ Qf6 46. Be4 Qxh4+ 47. Kxh4 Kf6 48. Kh5 Nd7 49. g4 a4 50. Kh6 axb3 51. axb3 Kf7 52. g5 b6 53. Bf5 Nf8 54. Be6+ 1-0

[Event "CZE-chT2B 2223"]
[Site "Czech Republic"]
[Date "2022.11.06"]
[Round "2.2"]
[White "Hinks Edwards, Thomas RJ"]
[Black "Benes, Petr"]
[Result "1/2-1/2"]
[WhiteElo "2321"]
[BlackElo "2095"]
[PlyCount "83"]
[EventDate "2022.10.16"]
[EventType "team-tourn"]
[EventRounds "11"]
[EventCountry "CZE"]
[SourceTitle "EXT 2024"]
[Source "ChessBase"]
[SourceDate "2023.10.10"]
[SourceVersion "1"]
[SourceVersionDate "2023.10.10"]
[SourceQuality "1"]
[WhiteTeam "Kobylisy"]
[BlackTeam "Litomerice II"]
[WhiteTeamCountry "CZE"]
[BlackTeamCountry "CZE"]

1. c4 c5 2. Nc3 Nc6 3. Nf3 g6 4. e3 Bg7 5. d4 d6 6. Be2 Nh6 7. d5 Ne5 8. Nxe5 Bxe5 9. e4 Bg7 10. h4 Bd7 11. h5 Qc8 12. Bf4 Ng4 13. Qd2 Qc7 14. f3 Ne5 15. h6 Bf6 16. Bg5 Bxg5 17. Qxg5 f6 18. Qg3 0-0-0 19. f4 Nf7 20. Qe3 Rhg8 21. 0-0-0 g5 22. g3 g4 23. Rh4 Kb8 24. Kb1 a6 25. Rc1 Ka8 26. Nd1 Rde8 27. Nf2 Qc8 28. f5 Rg5 29. Rxg4 Reg8 30. Rxg5 Rxg5 31. g4 Ne5 32. b3 Qf8 33. Rh1 Rg8 34. Qc3 Qd8 35. Rh4 b5 36. Nd3 Nf7 37. Nf4 Qb6 38. Ne6 Ne5 39. Rh1 bxc4 40. Bxc4 Rxg4 41. Re1 Bb5 42. Bxb5 1/2-1/2

[Event "Prague Golden Rapid op 17th"]
[Site "Prague"]
[Date "2022.07.09"]
[Round "2"]
[White "Lechowski, Witold"]
[Black "Benes, Petr"]
[Result "0-1"]
[WhiteElo "1613"]
[BlackElo "1984"]
[PlyCount "72"]
[EventDate "2022.07.09"]
[EventType "swiss (rapid)"]
[EventRounds "7"]
[EventCountry "CZE"]
[SourceTitle "CBM 209 Extra"]
[Source "ChessBase"]
[SourceDate "2022.09.30"]
[SourceVersion "1"]
[SourceVersionDate "2022.09.30"]
[SourceQuality "1"]

1. d4 Nf6 2. c4 c5 3. d5 e6 4. Nc3 exd5 5. cxd5 d6 6. e4 g6 7. Bd3 Bg7 8. Nge2 0-0 9. 0-0 b6 10. h3 Ba6 11. f4 Nfd7 12. Be3 Qe7 13. Qd2 Re8 14. Bf2 c4 15. Bc2 Nc5 16. Bxc5 bxc5 17. Rad1 Nd7 18. Ba4 Red8 19. Qc2 Rab8 20. Bxd7 Rxd7 21. Kh1 Bc8 22. Rb1 Rdb7 23. Ng3 Qh4 24. Kh2 Bg4 25. Qd2 Bd4 26. Qe1 Rxb2 27. Rxb2 Rxb2 28. Nce2 Bxe2 29. Nxe2 Qxe1 30. Rxe1 Bf2 31. Rc1 Rxe2 32. Rxc4 Bd4 33. Ra4 Rxe4 34. Rxa7 c4 35. Ra4 c3 36. Rc4 Bg1+ 0-1